[Event "Mlada Boleslav Region-ch U20"]
[Site "Mlada Boleslav"]
[Date "2014.06.21"]
[Round "3"]
[White "Pastrnek, Michal"]
[Black "Vrbova, Eva"]
[Result "1/2-1/2"]
[WhiteElo "1357"]
[BlackElo "1348"]
[PlyCount "34"]
[EventDate "2014.06.21"]
[EventType "swiss"]
[EventRounds "7"]
[EventCountry "CZE"]
[SourceTitle "EXT 2016"]
[Source "ChessBase"]
[SourceDate "2015.10.08"]
[SourceVersion "1"]
[SourceVersionDate "2015.10.08"]
[SourceQuality "1"]

1. d4 d5 2. Bf4 e6 3. Nf3 Nf6 4. e3 c5 5. Bd3 c4 6. Be2 Bd6 7. Bxd6 Qxd6 8. 0-0 0-0 9. c3 Nc6 10. Nbd2 b5 11. Qc2 Bb7 12. e4 dxe4 13. Nxe4 Nxe4 14. Qxe4 Qc7 15. Qc2 Ne7 16. Nd2 Ng6 17. Bf3 Bxf3 1/2-1/2

[Event "EU Union-ch U12"]
[Site "Malenovice"]
[Date "2013.08.28"]
[Round "1"]
[White "Vilimova, Julie"]
[Black "Vrbova, Eva"]
[Result "1-0"]
[WhiteElo "1606"]
[BlackElo "1483"]
[PlyCount "87"]
[EventDate "2013.08.28"]
[EventType "swiss"]
[EventRounds "9"]
[EventCountry "CZE"]
[SourceTitle "CBM 156 Extra"]
[Source "ChessBase"]
[SourceDate "2013.10.22"]
[SourceVersion "1"]
[SourceVersionDate "2013.10.22"]
[SourceQuality "1"]

1. e4 e5 2. Nf3 Nc6 3. d4 exd4 4. Nxd4 Qf6 5. Be3 Bc5 6. c3 Nge7 7. g3 0-0 8. Bg2 d6 9. 0-0 Bb6 10. Na3 a6 11. f4 Bd7 12. Nc4 Ba7 13. Qd3 Rad8 14. Rad1 Bg4 15. Rde1 Bd7 16. Qd2 h6 17. Qf2 Ra8 18. h3 Kh8 19. Kh2 Kg8 20. Rd1 Rad8 21. Nxc6 Bxe3 22. Nxe7+ Qxe7 23. Qxe3 Bc6 24. Rfe1 Rfe8 25. Qf2 Qf6 26. e5 dxe5 27. Bxc6 Qxc6 28. Nxe5 Qf6 29. Rxd8 Qxd8 30. Qd4 Qe7 31. Nf3 Qf8 32. Rxe8 Qxe8 33. Ne5 Qe7 34. b4 Qe8 35. Qd7 Qxd7 36. Nxd7 Kh7 37. Kg2 Kg6 38. Kf3 Kf5 39. Nc5 b6 40. Nxa6 Ke6 41. Nxc7+ Kd6 42. Nb5+ Kd5 43. a4 Kc4 44. Ke4 1-0

[Event "CZE-ch U12 Girls"]
[Site "Kouty nad Desnou"]
[Date "2013.03.12"]
[Round "5"]
[White "Vrbova, Eva"]
[Black "Vavrinkova, Eliska"]
[Result "1-0"]
[WhiteElo "1430"]
[BlackElo "1412"]
[PlyCount "37"]
[EventDate "2013.03.09"]
[EventType "swiss"]
[EventRounds "9"]
[EventCountry "CZE"]
[SourceTitle "EXT 2015"]
[Source "ChessBase"]
[SourceDate "2014.11.20"]
[SourceVersion "1"]
[SourceVersionDate "2014.11.20"]
[SourceQuality "1"]

1. e4 d5 2. exd5 Qxd5 3. Nc3 Qd6 4. Nf3 c6 5. d4 Bg4 6. Be3 Nf6 7. Be2 e6 8. Ne5 Bxe2 9. Qxe2 Nbd7 10. f4 Qc7 11. 0-0-0 b5 12. Qf3 Nxe5 13. dxe5 Nd5 14. Nxd5 cxd5 15. Qf2 Qa5 16. a3 b4 17. Bd2 bxa3 18. Bxa5 axb2+ 19. Kd2 1-0

[Event "Mlada Boleslav Region-ch U20"]
[Site "Mlada Boleslav"]
[Date "2012.06.24"]
[Round "6"]
[White "Vrbova, Eva"]
[Black "Mayrhofer, Matyas"]
[Result "1-0"]
[WhiteElo "1319"]
[BlackElo "1250"]
[PlyCount "79"]
[EventDate "2012.06.23"]
[EventType "swiss"]
[EventRounds "7"]
[EventCountry "CZE"]
[SourceTitle "EXT 2014"]
[Source "ChessBase"]
[SourceDate "2013.11.20"]
[SourceVersion "1"]
[SourceVersionDate "2013.11.20"]
[SourceQuality "1"]

1. e4 e5 2. Nf3 Nc6 3. Bc4 Nf6 4. Nc3 Bc5 5. 0-0 0-0 6. a3 Nd4 7. Nxe5 d6 8. Nf3 Bg4 9. Be2 Nxf3+ 10. Bxf3 Bxf3 11. Qxf3 c6 12. d3 Bd4 13. Bd2 d5 14. exd5 cxd5 15. Rfe1 Qd6 16. Bf4 Qd7 17. Be5 Bxe5 18. Rxe5 Rae8 19. Rae1 d4 20. Nd1 Qb5 21. Rxe8 Rxe8 22. Rxe8+ Qxe8 23. g3 g6 24. c3 dxc3 25. bxc3 Qa4 26. Ne3 Nh5 27. Qxb7 Qxa3 28. Qb4 Qc1+ 29. Kg2 a5 30. Qxa5 Qd2 31. d4 Qd3 32. d5 Nf6 33. Qd8+ Kg7 34. c4 Ne4 35. Qe7 Qd4 36. h4 h5 37. g4 hxg4 38. h5 gxh5 39. Nf5+ Kh7 40. Nxd4 1-0

[Event "Mlada Boleslav Region-ch U20"]
[Site "Mlada Boleslav"]
[Date "2012.06.23"]
[Round "2"]
[White "Vrbova, Eva"]
[Black "Otruba, Marek"]
[Result "1/2-1/2"]
[WhiteElo "1319"]
[BlackElo "1250"]
[PlyCount "38"]
[EventDate "2012.06.23"]
[EventType "swiss"]
[EventRounds "7"]
[EventCountry "CZE"]
[SourceTitle "EXT 2014"]
[Source "ChessBase"]
[SourceDate "2013.11.20"]
[SourceVersion "1"]
[SourceVersionDate "2013.11.20"]
[SourceQuality "1"]

1. e4 Nf6 2. Nc3 e6 3. d4 d6 4. Nf3 Be7 5. Bd3 0-0 6. 0-0 Nbd7 7. h3 b6 8. Be3 e5 9. dxe5 dxe5 10. Qe2 a5 11. a3 Bb7 12. Rad1 Qc8 13. Bc1 Re8 14. Rfe1 Bc5 15. Bc4 h6 16. b3 c6 17. a4 Ba6 18. Bb2 Bxc4 19. Qxc4 Rd8 1/2-1/2